BSOP header

The Friars Minor in China (1294-1955), (Record no. 21942)

MARC details
000 -LEADER
fixed length control field 00986nam a2200193 4500
008 - FIXED-LENGTH DATA ELEMENTS--GENERAL INFORMATION
fixed length control field 041126s1995 nyu 000 0 eng d
020 ## - INTERNATIONAL STANDARD BOOK NUMBER
International Standard Book Number 157659002X
090 ## - LOCALLY ASSIGNED LC-TYPE CALL NUMBER (OCLC); LOCAL CALL NUMBER (OCLC)
Classification number (OCLC) (R) ; Classification number, CALL (RLIN) (NR) BX3646.C5
Local cutter number (OCLC) ; Book number/undivided call number, CALL (RLIN) C15f
100 1# - MAIN ENTRY--PERSONAL NAME
Personal name Camps, Arnulf,
Dates associated with a name 1925-
245 14 - TITLE STATEMENT
Title The Friars Minor in China (1294-1955),
Remainder of title especially the years 1925-55, based on the research of Friars Bernward Willeke and Domenico Gandolfi, OFM /
Statement of responsibility, etc by Arnulf Camps and Pat McCloskey.
260 ## - PUBLICATION, DISTRIBUTION, ETC. (IMPRINT)
Place of publication, distribution, etc Rome;
-- St. Bonaventure, N.Y. :
Name of publisher, distributor, etc General Secretariate for Missionary Evangelization; Franciscan Institute,
Date of publication, distribution, etc 1995.
300 ## - PHYSICAL DESCRIPTION
Extent xviii, 316, [2] p. :
Other physical details ill. photos, maps, diagrams;
Dimensions 25 cm.
500 ## - GENERAL NOTE
General note [Photocopy].
504 ## - BIBLIOGRAPHY, ETC. NOTE
Bibliography, etc Includes bibliographical references (p.291-301) and indexes.
610 24 - SUBJECT ADDED ENTRY--CORPORATE NAME
Corporate name or jurisdiction name as entry element Catholic Church
General subdivision Missions
Geographic subdivision China
General subdivision History
Chronological subdivision 20th century.
610 24 - SUBJECT ADDED ENTRY--CORPORATE NAME
Corporate name or jurisdiction name as entry element Franciscans
Geographic subdivision China
General subdivision History
Chronological subdivision 20th century.
651 #4 - SUBJECT ADDED ENTRY--GEOGRAPHIC NAME
Geographic name China
General subdivision Church history
Chronological subdivision 20th century.
951 ## - EQUIVALENCE OR CROSS-REFERENCE-GEOGRAPHIC NAME/AREA NAME [OBSOLETE] [CAN/MARC only]
General subdivision 00029058
951 ## - EQUIVALENCE OR CROSS-REFERENCE-GEOGRAPHIC NAME/AREA NAME [OBSOLETE] [CAN/MARC only]
-- 27901
-- BX3646.C5/C15f
-- 070613111429125
-- 2000-12-21
-- SP-C GC
Holdings
Withdrawn status Lost status Damaged status Not for loan Home library Current library Shelving location Date acquired Accession number Shelving control number Total Checkouts Full call number Barcode Date last seen Price effective from Koha item type
        BSOP Library BSOP Library   12/21/2000 27901 127   BX3646.C5/C15f 00029058 02/23/2013 02/23/2013 Books
BSOP

Biblical Seminary of the Philippines
  All rights Reserved
  © 2024

CONTACT INFORMATION

Biblical Seminary of the Philippines,
  77-B Karuhatan Road, Valenzuela City,
  PHILIPPINES 1441
  Phone: +632 8292-6795 / 8292-6798
  Fax : +632 8292-6675
  Email: library@bsop.edu.ph